00515 2200169 4500245003900000020001800039250001100057100001400068650001600082005001900098260004200117041001400159084000800173300002300181500013200204336000900336 aCeroz dan BatozarcTere LiyehText a9786020385914 aCet. 2 aTere Liye aNovel Fiksi a20231012094535 aJakartabGramedia Pustaka Utamac2018 aIndonesia a813 a376 hlm. :c20 cm. akisah ini tentang petualangan 3 sahabat. raib bisa menghilang. seli bisa mengeluarkan petir. dan ali bisa mengeluarkan apa saja atext